01365nam a22002417a 4500008004100000020001800041040000800059041000800067050002000075100003000095245004700125260004100172300003100213490003700244520068400281650003400965650001800999650002201017650002101039655002001060655002001080655002301100251119b |||||||| |||| 00| 0 eng d a9781529399325 ctbs aeng aPZ7.1.G368 2023 aGarber, Stephanieeauthor aA curse for true lovec/ Stephanie Garber. aDublin :bHodder & Stoughton,c2024. a385 pages :bmap ;c20 cm. aOnce upon a broken heart ;vbk.3 aTwo villains, one girl, and a deadly battle for happily ever after. Evangeline Fox ventured to the Magnificent North in search of her happy ending, and it seems as if she has it. She''s married to a handsome prince and lives in a legendary castle. But Evangeline has no idea of the devastating price she''s paid for this fairytale. She doesn''t know what she has lost, and her husband is determined to make sure she never finds out . . . but first he must kill Jacks, the Prince of Hearts. Blood will be shed, hearts will be stolen, and true love will be put to the test in A Curse for True Love, the breathlessly anticipated conclusion to the Once Upon A Broken Heart trilogy. 0aBlessing and cursingvFiction 0aLovevFiction 0aVillainsvFiction 0aPrincesvFiction 0aFantasy fiction 0aRomance fiction 0aParanormal fiction